00583nam a2200169Ia 4500008004100000100002000041245009000061245002000151260003900171260000900210300001000219650001800229650001500247856005900262999001900321952007300340170221s9999 xx 000 0 und d aDmitry Strovsky 4aThe Russian Media Coverage of the ‘Ukrainian Issue’: the Priorities of Informing  cDmitry Strovsky bStudies in Media and Communication c2015 a3 : 1 xCommunication xMedia Arts uhttp://redfame.com/journal/index.php/smc/issue/view/30 c307133d307133 001040aCLbCLd2017-02-21l0r2017-02-21 00:00:00w2017-02-21yFOJ